Microelectronic circuits (Record no. 1329)

000 -LEADER
fixed length control field 00597nam a22002177a 4500
001 - CONTROL NUMBER
control field 1329
003 - CONTROL NUMBER IDENTIFIER
control field BD-DhUET
008 - FIXED-LENGTH DATA ELEMENTS--GENERAL INFORMATION
fixed length control field 140903b xxu||||| |||| 00| 0 eng d
020 ## - INTERNATIONAL STANDARD BOOK NUMBER
International Standard Book Number 0195680847
040 ## - CATALOGING SOURCE
Transcribing agency 0
Modifying agency BD-DhUET
082 ## - DEWEY DECIMAL CLASSIFICATION NUMBER
Classification number 623.8153
Item number SED/1982
100 ## - MAIN ENTRY--PERSONAL NAME
Personal name Sedra, Adel.S
245 ## - TITLE STATEMENT
Title Microelectronic circuits
Statement of responsibility, etc. by Adel S. Sedra and Kenneth C. Smith
250 ## - EDITION STATEMENT
Edition statement 5th ed.
260 ## - PUBLICATION, DISTRIBUTION, ETC. (IMPRINT)
Place of publication, distribution, etc. New York
Name of publisher, distributor, etc. Oxford University Press
Date of publication, distribution, etc. 1982
300 ## - PHYSICAL DESCRIPTION
Extent xxi, 1283 p.
Other physical details ill.
Dimensions 22 cm.
504 ## - BIBLIOGRAPHY, ETC. NOTE
Bibliography, etc Includes bibliographies
650 #0 - SUBJECT ADDED ENTRY--TOPICAL TERM
Topical term or geographic name as entry element Electronic-Circuits
700 ## - ADDED ENTRY--PERSONAL NAME
Personal name Smith, Kenneth C.
942 ## - ADDED ENTRY ELEMENTS (KOHA)
Koha item type General Book
Holdings
Source of classification or shelving scheme Koha normalized classification for sorting Sublocation or collection (holding branch) Lost status Shelving location Date acquired Koha date last borrowed Koha date last seen Koha out on loan Koha issues (times borrowed) Koha renewals Location (home branch) Price effective from Koha item type Piece designation (barcode) Koha full call number Withdrawn status Not for loan Copy number Damaged status
 623_000000000000000_8153SED200Central Library, BUET Circulation section2014-09-032021-12-212022-05-22 91Central Library, BUET2014-09-03Guide Book103871623.8153/SED/2004  1 
 623_815300000000000_SED_2004Central Library, BUET Circulation section2007-05-282026-01-202026-01-202026-02-0371Central Library, BUET2014-09-03General Book103866623.8153/SED/2004  2 
 623_000000000000000_8153SED200Central Library, BUET Circulation section2014-09-032022-11-222022-11-222022-12-0613 Central Library, BUET2014-09-03Guide Book103867623.8153/SED/2004  3 
 623_000000000000000_8153SED200Central Library, BUET Circulation section2014-09-032016-02-272016-02-272017-02-262 Central Library, BUET2014-09-03Guide Book103868623.8153/SED/2004  4 
 623_000000000000000_8153SED200Central Library, BUET Circulation section2014-09-032024-03-062024-06-02 12 Central Library, BUET2014-09-03Guide Book103870623.8153/SED/2004  5 
 623_000000000000000_8153SED200Central Library, BUET Circulation section2014-09-032025-08-242025-09-08 132Central Library, BUET2014-09-03Guide Book103873623.8153/SED/2004  6 
 623_000000000000000_8153SED200Central Library, BUET Circulation section2014-09-032023-06-052023-06-052023-06-19161Central Library, BUET2014-09-03Guide Book103872623.8153/SED/2004  8 
 623_000000000000000_8153SED200Central Library, BUET Circulation section2014-09-032025-09-242025-10-18 18 Central Library, BUET2014-09-03Guide Book103874623.8153/SED/2004  9 
 623_000000000000000_8153SED200Central Library, BUET Circulation section2014-10-272020-02-102020-02-102021-02-095 Central Library, BUET2014-10-27Guide Book101693623.8153/SED/2004  10 
 623_815300000000000_SED_1982Central Library, BUET Circulation section2014-11-292014-12-082026-03-08 1 Central Library, BUET2014-11-29General Book107789623.8153/SED/1982  11 
 623_815300000000000_SED_1982Central Library, BUET Circulation section2016-03-272025-04-292025-04-292025-05-1310 Central Library, BUET2016-03-27General Book101692623.8153/SED/1982  12